[Event "Barcelona Catalunya op"]
[Site "Barcelona"]
[Date "2010.03.27"]
[Round "1"]
[White "Lorenzo de la Riva, Lazaro"]
[Black "Matamoros Sibira, Joan"]
[Result "1-0"]
[WhiteElo "2381"]
[BlackElo "1826"]
[PlyCount "43"]
[EventDate "2010.03.27"]
[EventType "swiss"]
[EventRounds "9"]
[EventCountry "ESP"]
[SourceTitle "CBM 135 Extra"]
[Source "ChessBase"]
[SourceDate "2010.05.04"]
[SourceVersion "1"]
[SourceVersionDate "2010.05.04"]
[SourceQuality "1"]

1. e4 c5 2. Ne2 Nc6 3. d4 cxd4 4. Nxd4 e5 5. Nb5 d6 6. N1c3 Nf6 7. Bg5 a6 8. Na3 b5 9. Bxf6 gxf6 10. Nd5 Bg7 11. Bd3 Be6 12. 0-0 Bxd5 13. exd5 Ne7 14. c4 b4 15. Nc2 a5 16. Qh5 Qc8 17. Ne3 Ng6 18. g3 Ne7 19. c5 dxc5 20. d6 Qd7 21. dxe7 Qxd3 22. Nf5 1-0

[Event "Catalunya-ch"]
[Site "Barcelona"]
[Date "2007.04.01"]
[Round "1"]
[White "Rafols Albet, Josep"]
[Black "Matamoros Sibira, Joan"]
[Result "1-0"]
[WhiteElo "2093"]
[BlackElo "1874"]
[PlyCount "23"]
[EventDate "2007.04.01"]
[EventType "swiss"]
[EventRounds "9"]
[EventCountry "ESP"]
[SourceTitle "CBM 117 Extra"]
[Source "ChessBase"]
[SourceDate "2007.05.09"]
[SourceVersion "1"]
[SourceVersionDate "2007.05.09"]
[SourceQuality "1"]

1. b3 e5 2. Bb2 d6 3. e3 f5 4. Nf3 Nf6 5. Nc3 g6 6. Bc4 Bg7 7. 0-0 Nbd7 8. Ng5 d5 9. Ne6 Qe7 10. Nxc7+ Kd8 11. N3xd5 Nxd5 12. Nxd5 1-0